书目信息 |
| 题名: |
EDA技术与FPGA工程实例开发
|
|
| 作者: | 任文平 编著 | |
| 分册: | ||
| 出版信息: | 北京 机械工业出版社 2013 |
|
| 页数: | 255页 | |
| 开本: | 24cm | |
| 丛书名: | ||
| 单 册: | ||
| 中图分类: | TP332.102 , TP332.102 | |
| 科图分类: | ||
| 主题词: | 电子电路--应用软件--计算机辅助设计 , 可编程序逻辑阵列--设计 , 电子电路 , 计算机辅助设计 , 应用软件 , 可编程序逻辑阵列 , 电子电路--计算机辅助设计--应用软件 , 可编程序逻辑阵列--设计 , 电子电路 , 可编程序逻辑阵列 | |
| 电子资源: | ||
| ISBN: | 978-7-111-43585-3 | |
| 000 | 01427nam0 2200397 450 | |
| 001 | 3667 | |
| 001 | 01XX09836746@CSLN | |
| 005 | 20160926160557.00 | |
| 005 | 20140630170320 | |
| 010 | @a978-7-111-43585-3@b平装@dCNY49.00 | |
| 100 | @a20131017d2013 em y0chiy50 ea | |
| 101 | 0 | @achi |
| 102 | @aCN@b110000 | |
| 105 | @aa z 000yy | |
| 200 | 1 | @aEDA技术与FPGA工程实例开发@9EDA ji shu yu FPGA gong cheng shi li kai fa@b专著@f任文平[等]编著 |
| 210 | @a北京@c机械工业出版社@d2013 | |
| 215 | @a255页@c图@d24cm | |
| 300 | @a华章科技 EDA与IC设计 | |
| 304 | @a编著者还有:梁竹关、李鹏、申东娅 | |
| 330 | @a本书共11章,首先系统地介绍了硬件描述语言verilog hdl的基本语法和常用语句、cpld/fpga的结构及特点、quartusⅱ软件的使用及状态机设计等与fpga开发相关的知识。在此基础上,介绍了fpga外围接口电路的典型应用,最后以工程开发的设计流程介绍两个相对完整的系统设计实例。 | |
| 606 | 0 | @a电子电路@x应用软件@x计算机辅助设计 |
| 606 | 0 | @a可编程序逻辑阵列@x设计 |
| 606 | 0 | @a电子电路 |
| 606 | 0 | @a计算机辅助设计 |
| 606 | 0 | @a应用软件 |
| 606 | 0 | @a可编程序逻辑阵列 |
| 606 | @a电子电路@x计算机辅助设计@x应用软件 | |
| 606 | @a可编程序逻辑阵列@x设计 | |
| 606 | @a电子电路 | |
| 606 | @a可编程序逻辑阵列 | |
| 610 | 0 | @aFPGA@aEDA |
| 690 | @aTP332.102@v5 | |
| 690 | @aTP332.102@v5 | |
| 701 | 0 | @a任文平@9ren wen ping@c(电子电路)@4编著 |
| 801 | 0 | @aCN@b唐山师范学院图书馆@c20151001 |
| 905 | @aZUCC@dTP332.102@e141 | |
| EDA技术与FPGA工程实例开发/任文平[等]编著.-北京:机械工业出版社,2013 |
| 255页:图;24cm |
| 华章科技 EDA与IC设计 |
| ISBN 978-7-111-43585-3(平装):CNY49.00 |
| 本书共11章,首先系统地介绍了硬件描述语言verilog hdl的基本语法和常用语句、cpld/fpga的结构及特点、quartusⅱ软件的使用及状态机设计等与fpga开发相关的知识。在此基础上,介绍了fpga外围接口电路的典型应用,最后以工程开发的设计流程介绍两个相对完整的系统设计实例。 |
| ● |
| 相关链接 |
|
|
|
|
正题名:EDA技术与FPGA工程实例开发
索取号:TP332.102/141
 
预约/预借
| 序号 | 登录号 | 条形码 | 馆藏地/架位号 | 状态 | 备注 |
| 1 | 905905 | 209059052 | 第二样本阅览室/ [索取号:TP332.102/141] | 在馆 | |
| 2 | 905906 | 209059061 | 第三借阅区/ [索取号:TP332.102/141] | 在馆 | |
| 3 | 905907 | 209059070 | 第三借阅区/ [索取号:TP332.102/141] | 在馆 |